Statistics for NCAA Final Fours

Click here to take the quiz!

General Stats

  • This quiz has been taken 396 times
    (332 since last reset)
  • The average score is 60 of 95

Answer Stats

Champion% Correct
Duke
95%
North Carolina
95%
Texas
94%
UCLA
94%
Kansas
93%
Kentucky
92%
Michigan
92%
Michigan State
91%
Virginia
89%
Florida
88%
Gonzaga
88%
Oregon
88%
Texas Tech
88%
Villanova
87%
Ohio State
86%
Wisconsin
86%
Indiana
84%
Oklahoma
84%
Syracuse
84%
Connecticut
83%
Baylor
82%
Arizona
81%
Louisville
80%
LSU
80%
Auburn
78%
North Carolina State
78%
South Carolina
78%
Georgetown
77%
Houston
77%
Oklahoma State
77%
Washington
77%
Georgia
76%
Southern California
76%
Arkansas
75%
Florida State
75%
Illinois
73%
Loyola (IL)
73%
Utah
73%
Kansas State
72%
Maryland
72%
UNLV
72%
Butler
71%
Iowa
71%
Purdue
71%
California
70%
Oregon State
70%
Georgia Tech
69%
Stanford
68%
West Virginia
68%
Iowa State
65%
Marquette
63%
Memphis
63%
Minnesota
63%
Indiana State
62%
Penn State
62%
St. John's
61%
Mississippi State
60%
Colorado
59%
Notre Dame
57%
UTEP
57%
Massachusetts
55%
Rutgers
55%
Virginia Commonwealth
55%
Wake Forest
55%
San Francisco
54%
Wyoming
54%
Seton Hall
53%
Wichita State
53%
Princeton
52%
George Mason
51%
Providence
51%
New Mexico State
47%
DePaul
46%
Temple
46%
Pittsburgh
45%
CCNY
43%
Dayton
38%
Holy Cross
37%
La Salle
36%
Dartmouth
35%
St. Joseph's
32%
Western Kentucky
30%
Bradley
29%
SMU
29%
NYU
28%
Washington State
28%
Cincinatti
27%
Drake
27%
Pennsylvania
27%
Jacksonville
25%
St. Bonaventure
25%
Duquesne
24%
Charlotte
22%
Seattle
22%
Santa Clara
19%

Score Distribution

Percentile by Number Answered

Percent of People with Each Score

Your Score History

You have not taken this quiz since the last reset